000 00725nam a22002297a 4500
003 DO-SdBNP
005 20240404094740.0
007 ta
008 210830e2019 dr b||gr|||| 001 0dspa d
020 _a978994505697
040 _aDO-SdBNP
_bspa
_cBNPHU
041 _hspa
082 _bC957
100 1 _aCruz Sánchez, Filiberto
_913112
245 1 3 _aAuge y decadencia del imperio hispanoamericano, 1519-1701
_cFilfiberto Cruz Sánchez
260 _aSanto Domingo :
_bEl Nuevo Diario,
_c2019
300 _a[45 p.]:
_bil., mapas;
_c20 cm
500 _aIncluye biografia del autor en la cubierta posterior.
500 _aIncluye biografia y notas al pie de páginas.
590 _aInventariado 2021 / MF
942 _2ddc
_cLF2
999 _c50340
_d50340